000 00418cam a2200157ua 4500
041 _aeng
_h
082 _a631.463
_bBOW/EN
100 _aBowles, Joseph E.
245 _aEngineering properties of soils and their measurement /
_cE Joseph Bowles.
_hTextual Documents
250 _a2 /
_b.
260 _a :
_bMcGraw Hill Book Company ,
_c1978.
300 _a413 ; .
504 _a
942 _cBK
999 _c3228
_d3228